000 01046nam a22002537a 4500
005 20170124103049.0
010 _aB-016626
020 _c125.00
_a8171195717
035 _aB-016626
037 _bCen Lib/Ret
040 _aDPL
_bHN
082 _a
_bशर्मासु
100 _aशर्मा, सुभाष
_970024
245 _aबेजुबान /
_cसुभाष शर्मा
246 _aBezuban /
_bby Subhash Sharma
260 _aनयी दिल्ली
_bराधाकृष्ण प्रकाशन
_c2000
270 _bनयी दिल्ली
_a2/38, अंसारी मार्ग, दरयागंज
_e110002
300 _a143पृ.
_c19सेमी (सजिल्द )
650 _aहिंदी साहित्य
_x
_z
_970025
650 _aहिंदी साहित्य
_v
_xकहानियां
_970026
650 _aHindi literature
_970027
650 _aHindi literature
_xstories
_970028
942 _2ddc
_cHN
_h
_mशर्मासु
999 _c117091
_d117091